Revealing prophets : (Record no. 9258)

MARC details
000 -LEADER
fixed length control field 01412cam a2200337 a 4500
001 - CONTROL NUMBER
control field 3013641
003 - CONTROL NUMBER IDENTIFIER
control field OSt
005 - DATE AND TIME OF LATEST TRANSACTION
control field 20240723095623.0
008 - FIXED-LENGTH DATA ELEMENTS--GENERAL INFORMATION
fixed length control field 940324s1995 enkb b s001 0 eng
010 ## - LIBRARY OF CONGRESS CONTROL NUMBER
LC control number 94010527
020 ## - INTERNATIONAL STANDARD BOOK NUMBER
International Standard Book Number 0821410881
020 ## - INTERNATIONAL STANDARD BOOK NUMBER
International Standard Book Number 082141089X (paper)
040 ## - CATALOGING SOURCE
Transcribing agency MUST
043 ## - GEOGRAPHIC AREA CODE
Geographic area code fe-----
082 00 - DEWEY DECIMAL CLASSIFICATION NUMBER
Classification number 291.6 REV 1995
Edition number 20
245 00 - TITLE STATEMENT
Title Revealing prophets :
Remainder of title prophecy in Eastern African history /
Statement of responsibility, etc. edited by David M. Anderson & Douglas H. Johnson.
260 ## - PUBLICATION, DISTRIBUTION, ETC. (IMPRINT)
Place of publication, distribution, etc. London :
Name of publisher, distributor, etc. James Curry ;
Place of publication, distribution, etc. Athens :
Name of publisher, distributor, etc. Ohio University Press,
Date of publication, distribution, etc. 1995.
300 ## - PHYSICAL DESCRIPTION
Extent x, 310 p. :
Other physical details maps ;
Dimensions 22 cm.
490 1# - SERIES STATEMENT
Series statement Eastern African studies
504 ## - BIBLIOGRAPHY, ETC. NOTE
Bibliography, etc Includes bibliographical references (p. 292-302) and index.
650 #0 - SUBJECT ADDED ENTRY--TOPICAL TERM
Topical term or geographic name as entry element Prophets
Geographic subdivision Africa, East
General subdivision History.
9 (RLIN) 18919
651 #0 - SUBJECT ADDED ENTRY--GEOGRAPHIC NAME
Geographic name Africa, East
General subdivision Religion.
9 (RLIN) 18920
700 1# - ADDED ENTRY--PERSONAL NAME
Personal name Anderson, David,
Dates associated with a name 1957-
9 (RLIN) 18921
700 1# - ADDED ENTRY--PERSONAL NAME
Personal name Johnson, Douglas H.
Fuller form of name (Douglas Hamilton),
Dates associated with a name 1949-
9 (RLIN) 18922
830 #0 - SERIES ADDED ENTRY--UNIFORM TITLE
Uniform title Eastern African studies (London, England)
9 (RLIN) 5008
856 42 - ELECTRONIC LOCATION AND ACCESS
Materials specified Contributor biographical information
Uniform Resource Identifier http://www.loc.gov/catdir/enhancements/fy1315/94010527-b.html
856 42 - ELECTRONIC LOCATION AND ACCESS
Materials specified Publisher description
Uniform Resource Identifier http://www.loc.gov/catdir/enhancements/fy1315/94010527-d.html
906 ## - LOCAL DATA ELEMENT F, LDF (RLIN)
a 7
b cbc
c orignew
d 1
e ocip
f 19
g y-gencatlg
942 ## - ADDED ENTRY ELEMENTS (KOHA)
Source of classification or shelving scheme Dewey Decimal Classification
Koha item type Open Shelf
Holdings
Withdrawn status Lost status Source of classification or shelving scheme Damaged status Not for loan Home library Current library Date acquired Source of acquisition Inventory number Total Checkouts Full call number Barcode Date last seen Price effective from Koha item type
    Dewey Decimal Classification     MUST Main Library MUST Main Library 23/07/2024 Donation 2001/14960   291.6 REV 1995 2024-22091 23/07/2024 23/07/2024 Open Shelf